<?xml version="1.0" encoding="UTF-8"?>
<record
    xmlns:xsi="http://www.w3.org/2001/XMLSchema-instance"
    xsi:schemaLocation="http://www.loc.gov/MARC21/slim http://www.loc.gov/standards/marcxml/schema/MARC21slim.xsd"
    xmlns="http://www.loc.gov/MARC21/slim">

  <leader>01142nam0a22002651  4500</leader>
  <controlfield tag="001">rc\4464062</controlfield>
  <controlfield tag="005">20260412041623.0</controlfield>
  <datafield tag="021" ind1=" " ind2=" ">
    <subfield code="a">RU</subfield>
    <subfield code="b">[68-55597]</subfield>
  </datafield>
  <datafield tag="035" ind1=" " ind2=" ">
    <subfield code="a">(NLR Aleph) 008592632</subfield>
  </datafield>
  <datafield tag="090" ind1=" " ind2=" ">
    <subfield code="a">8653325</subfield>
    <subfield code="c">8653325</subfield>
  </datafield>
  <datafield tag="100" ind1=" " ind2=" ">
    <subfield code="a">20130416d1968    |||y0rusy50      ca</subfield>
  </datafield>
  <datafield tag="101" ind1="0" ind2=" ">
    <subfield code="a">rus</subfield>
  </datafield>
  <datafield tag="102" ind1=" " ind2=" ">
    <subfield code="a">RU</subfield>
  </datafield>
  <datafield tag="105" ind1=" " ind2=" ">
    <subfield code="a">a   z   |||||</subfield>
  </datafield>
  <datafield tag="200" ind1="1" ind2=" ">
    <subfield code="a">&#x420;&#x435;&#x437;&#x44E;&#x43C;&#x435; &#x43D;&#x430;&#x443;&#x447;&#x43D;&#x44B;&#x445; &#x441;&#x43E;&#x43E;&#x431;&#x449;&#x435;&#x43D;&#x438;&#x439;</subfield>
    <subfield code="f">&#x410;&#x41D; &#x421;&#x421;&#x421;&#x420;. &#x410;&#x41D; &#x411;&#x421;&#x421;&#x420;. &#x418;&#x43D;-&#x442; &#x43C;&#x430;&#x442;&#x435;&#x43C;&#x430;&#x442;&#x438;&#x43A;&#x438; &#x410;&#x41D; &#x411;&#x421;&#x421;&#x420;. &#x413;&#x43E;&#x43C;&#x435;&#x43B;. &#x43B;&#x430;&#x431;&#x43E;&#x440;&#x430;&#x442;&#x43E;&#x440;&#x438;&#x44F; &#x442;&#x435;&#x43E;&#x440;&#x438;&#x438; &#x43A;&#x43E;&#x43D;&#x435;&#x447;&#x43D;&#x44B;&#x445; &#x433;&#x440;&#x443;&#x43F;&#x43F; &#x418;&#x41C; &#x410;&#x41D; &#x411;&#x421;&#x421;&#x420;. &#x413;&#x43E;&#x43C;&#x435;&#x43B;. &#x433;&#x43E;&#x441;. &#x43F;&#x435;&#x434;. &#x438;&#x43D;-&#x442;. IX &#x412;&#x441;&#x435;&#x441;&#x43E;&#x44E;&#x437;. &#x430;&#x43B;&#x433;&#x435;&#x431;&#x440;&#x430;&#x438;&#x447;. &#x43A;&#x43E;&#x43B;&#x43B;&#x43E;&#x43A;&#x432;&#x438;&#x443;&#x43C;. &#x418;&#x44E;&#x43B;&#x44C;. 1968 &#x433;.</subfield>
  </datafield>
  <datafield tag="210" ind1=" " ind2=" ">
    <subfield code="a">&#x413;&#x43E;&#x43C;&#x435;&#x43B;&#x44C;</subfield>
    <subfield code="c">&#x411;. &#x438;.</subfield>
    <subfield code="d">1968</subfield>
  </datafield>
  <datafield tag="215" ind1=" " ind2=" ">
    <subfield code="a">227 &#x441;.</subfield>
    <subfield code="c">&#x447;&#x435;&#x440;&#x442;.</subfield>
    <subfield code="d">19</subfield>
  </datafield>
  <datafield tag="320" ind1=" " ind2=" ">
    <subfield code="a">&#x422;&#x435;&#x43C;&#x430;&#x442;. &#x443;&#x43A;&#x430;&#x437;&#x430;&#x442;&#x435;&#x43B;&#x44C;: &#x441;. 227</subfield>
  </datafield>
  <datafield tag="606" ind1=" " ind2=" ">
    <subfield code="a">&#x410;&#x43B;&#x433;&#x435;&#x431;&#x440;&#x430; &#x432;&#x44B;&#x441;&#x448;&#x430;&#x44F;</subfield>
    <subfield code="j">&#x420;&#x435;&#x444;&#x435;&#x440;&#x430;&#x442;&#x44B;</subfield>
    <subfield code="2">psbo</subfield>
  </datafield>
  <datafield tag="710" ind1="1" ind2="2">
    <subfield code="a">&#x412;&#x441;&#x435;&#x441;&#x43E;&#x44E;&#x437;&#x43D;&#x44B;&#x439; &#x43A;&#x43E;&#x43B;&#x43B;&#x43E;&#x43A;&#x432;&#x438;&#x443;&#x43C; &#x43F;&#x43E; &#x43E;&#x431;&#x449;&#x435;&#x439; &#x430;&#x43B;&#x433;&#x435;&#x431;&#x440;&#x435;</subfield>
    <subfield code="d">9</subfield>
    <subfield code="f">1968</subfield>
    <subfield code="e">&#x413;&#x43E;&#x43C;&#x435;&#x43B;&#x44C;</subfield>
    <subfield code="3">RU\NLR\AUTH\8810154360</subfield>
    <subfield code="9">803913</subfield>
  </datafield>
  <datafield tag="801" ind1=" " ind2="0">
    <subfield code="a">RU</subfield>
    <subfield code="b">NLR</subfield>
    <subfield code="g">psbo</subfield>
  </datafield>
  <datafield tag="801" ind1=" " ind2="1">
    <subfield code="a">RU</subfield>
    <subfield code="b">ELAR</subfield>
    <subfield code="2">rusmarc</subfield>
  </datafield>
  <datafield tag="852" ind1=" " ind2=" ">
    <subfield code="a">NLR</subfield>
    <subfield code="j">68-3/4590</subfield>
  </datafield>
  <datafield tag="942" ind1=" " ind2=" ">
    <subfield code="c">BOOK</subfield>
  </datafield>
  <datafield tag="980" ind1=" " ind2=" ">
    <subfield code="a">NB</subfield>
  </datafield>
  <datafield tag="995" ind1=" " ind2=" ">
    <subfield code="5">2013-10-26</subfield>
    <subfield code="b">NLR01</subfield>
    <subfield code="c">NLR01</subfield>
    <subfield code="e">RF31</subfield>
    <subfield code="f">8592632-10</subfield>
    <subfield code="k">68-3/4590</subfield>
    <subfield code="o">0</subfield>
    <subfield code="r">BOOK</subfield>
    <subfield code="s">6834590_</subfield>
  </datafield>
</record>
